Profezia conciliare: rileggendo le biografie di Lazzati e del giovane Dossetti
| Main Author: | |
|---|---|
| Format: | Print Review |
| Language: | Italian |
| Check availability: | HBZ Gateway |
| Interlibrary Loan: | Interlibrary Loan for the Fachinformationsdienste (Specialized Information Services in Germany) |
| Published: |
2007
|
| In: |
Vita monastica
Year: 2007, Volume: 61, Issue: 237, Pages: 101-137 |
| Review of: | Lazzati / Marcello Malpensa (Remoldi, Giordano) Giovane Dossetti / Enrico Galavotti (Remoldi, Giordano) |
| IxTheo Classification: | KAJ Church history 1914-; recent history KBJ Italy KDB Roman Catholic Church |
| Further subjects: | B
Book review
B Lazzati, Giuseppe (1909-1986) B Dossetti, Giuseppe (1913-1996) |
MARC
| LEADER | 00000caa a22000002c 4500 | ||
|---|---|---|---|
| 001 | 164652599X | ||
| 003 | DE-627 | ||
| 005 | 20220616125037.0 | ||
| 007 | tu | ||
| 008 | 160405s2007 xx ||||| o 00| ||ita c | ||
| 035 | |a (DE-627)164652599X | ||
| 035 | |a (DE-576)467276307 | ||
| 035 | |a (DE-599)BSZ467276307 | ||
| 040 | |a DE-627 |b ger |c DE-627 |e rakwb | ||
| 041 | |a ita | ||
| 084 | |a 1 |2 ssgn | ||
| 100 | 1 | |0 (DE-588)1069889393 |0 (DE-627)822934922 |0 (DE-576)421146370 |4 aut |a Remoldi, Giordano | |
| 109 | |a Remoldi, Giordano | ||
| 245 | 1 | 0 | |a Profezia conciliare |b rileggendo le biografie di Lazzati e del giovane Dossetti |
| 264 | 1 | |c 2007 | |
| 336 | |a Text |b txt |2 rdacontent | ||
| 337 | |a ohne Hilfsmittel zu benutzen |b n |2 rdamedia | ||
| 338 | |a Band |b nc |2 rdacarrier | ||
| 600 | 1 | 7 | |0 (DE-588)11923503X |0 (DE-627)08003554X |0 (DE-576)161929044 |a Lazzati, Giuseppe |d 1909-1986 |2 gnd |
| 600 | 1 | 7 | |0 (DE-588)118879863 |0 (DE-627)079656668 |0 (DE-576)210252359 |a Dossetti, Giuseppe |d 1913-1996 |2 gnd |
| 601 | |a Biografie | ||
| 652 | |a KAJ:KBJ:KDB | ||
| 655 | 7 | |a Rezension |0 (DE-588)4049712-4 |0 (DE-627)106186019 |0 (DE-576)209083166 |2 gnd-content | |
| 773 | 0 | 8 | |i In |t Vita monastica |d Camaldoli, AR : Edizioni Camaldoli, 1955 |g 61(2007), 237, Seite 101-137 |w (DE-627)166752339 |w (DE-600)301209-8 |w (DE-576)015187144 |x 2499-5916 |7 nnas |
| 773 | 1 | 8 | |g volume:61 |g year:2007 |g number:237 |g pages:101-137 |
| 787 | 0 | 8 | |i Rezension von |a Lazzati / Marcello Malpensa |
| 787 | 0 | 8 | |i Rezension von |a Giovane Dossetti / Enrico Galavotti |
| 935 | |a mteo | ||
| 951 | |a AR | ||
| ELC | |b 1 | ||
| ITA | |a 1 |t 1 | ||
| LOK | |0 000 xxxxxcx a22 zn 4500 | ||
| LOK | |0 001 3319049674 | ||
| LOK | |0 003 DE-627 | ||
| LOK | |0 004 164652599X | ||
| LOK | |0 005 20160405155301 | ||
| LOK | |0 008 160404||||||||||||||||ger||||||| | ||
| LOK | |0 040 |a DE-Tue135 |c DE-627 |d DE-Tue135 | ||
| LOK | |0 092 |o n | ||
| LOK | |0 852 |a DE-Tue135 | ||
| LOK | |0 852 1 |9 00 | ||
| LOK | |0 935 |a ixzs |a ixmi | ||
| LOK | |0 936ln |0 1442048786 |a KBJ | ||
| LOK | |0 936ln |0 1442049839 |a KDB | ||
| LOK | |0 936ln |0 1442044640 |a KAJ | ||
| LOK | |0 939 |a 04-04-16 |b l01 | ||
| ORI | |a SA-MARC-ixtheoa001.raw | ||
| SYA | 0 | 0 | |a Dossetti, Giuseppe L.,1913-1996,Dossetti, Giuseppe Luigi,1913-1996 |